Top 20 most expensive Asian football players - Statistics

General Stats
  • This quiz has been taken 7 times
  • The average score is 8 of 20
Answer Stats
Hint Answer % Correct
£17 Million Heung min Son
86%
£12 Million Takumi Minamino
86%
£35 Million Abdukodir Khusanov
71%
£25 Million Kim Min jae
71%
£20 Million Ritsu Doan
71%
£30 Million Takefusa Kubo
71%
£25 Million Kaoru Mitoma
57%
£18 Million Hiroki Ito
43%
£28 Million Lee Kang in
43%
£12 Million Daichi Kamada
29%
£13 Million Daizen Maeda
29%
£25 Million Kaishu Sano
29%
£12 Million Kodai Sano
29%
£15 Million Ayase Ueda
14%
£10 Million Joel Chima Fujita
14%
£10 Million Tsuyoshi Watanabe
14%
£18 Million Yuito Suzuki
14%
£20 Million Zion Suzuki
14%
£15 Million Hyeon gyu Oh
0%
£10 Million Jay Idzes
0%
No matching quizzes found
Score Distribution
Percent of People with Each Score
Percentile by Number Answered
Your Score History
You have not taken this quiz